Welcome to the Holygrace Academy Library

Please use search bar below to get started

THE BABY SITTERS CLUB (Record no. 468)

MARC details
000 -LEADER
fixed length control field 00481nam a22001457a 4500
020 ## - INTERNATIONAL STANDARD BOOK NUMBER
ISBN 0-590-43576-0
082 ## - DEWEY DECIMAL CLASSIFICATION NUMBER
Classification number 823
Item number MAR/S
100 ## - MAIN ENTRY--AUTHOR NAME
Personal name ANN.M.MARTIN
245 ## - TITLE STATEMENT
Title THE BABY SITTERS CLUB
Remainder of title SUPER SPECIAL # 6
260 ## - PUBLICATION, DISTRIBUTION, ETC. (IMPRINT)
Place of publication NEW YORK
Name of publisher SCHOLASTIC INC
Year of publication 1991
300 ## - PHYSICAL DESCRIPTION
Number of Pages 241
520 ## - SUMMARY, ETC.
Summary, etc THE BABY SITTERS HAVE ALWAYS WANTED TO BE SOPHISTICATED NEW YORKERS. WELL NOW ITS THEIR CHANCE. IS NEW YORK AS GOOD AS THEY'VE ALWAYS DREAMED?
650 ## - SUBJECT ADDED ENTRY--TOPICAL TERM
Topical Term AMERICAS FAVOURITE GIRLS!
942 ## - ADDED ENTRY ELEMENTS (KOHA)
Koha item type Books
Holdings
Withdrawn status Lost status Collection code Home library Current library Shelving location Date acquired Source of acquisition Full call number Accession Number Koha item type
    Fiction Main Library Main Library On Display 24/06/2010 purchase 823 MAR/S 05500 Books